000 nam a22 7a 4500
999 _c10259
_d10259
008 180213b ||||| |||| 00| 0 eng d
100 _aGallagher,B.
_92519
245 _aOver 1000 facts Earth facts
260 _aChina
_bMiles Kelly
_c2012